| 000 | 00931cam a22002771 4500 | ||
|---|---|---|---|
| 082 |
_a669 _bSHR _cL-17, P-25 |
||
| 100 | 1 |
_aShrager, Arthur M. _944857 |
|
| 245 | 1 | 0 | _aElementary metallurgy and metallography. |
| 250 | _a2nd ed. | ||
| 260 |
_aNew York, _bMacmillan Co., _c1949. |
||
| 300 |
_ax, 297 p. _billus. _c25 cm. |
||
| 526 |
_a0 _b0 _c0 _d669_000000000000000_SHR |
||
| 526 |
_a0 _b0 _c0 _d669_000000000000000_SHR |
||
| 526 |
_a0 _b0 _c0 _d669_000000000000000_SHR |
||
| 526 |
_a0 _b0 _c0 _d669_000000000000000_SHR |
||
| 526 |
_a0 _b0 _c0 _d669_000000000000000_SHR |
||
| 526 |
_a0 _b0 _c0 _d669_000000000000000_SHR |
||
| 526 |
_a0 _b0 _c0 _d669_000000000000000_SHR |
||
| 526 |
_a0 _b0 _c0 _d669_000000000000000_SHR |
||
| 526 |
_a0 _b0 _c0 _d669_000000000000000_SHR |
||
| 526 |
_a0 _b0 _c0 _d669_000000000000000_SHR |
||
| 526 |
_a0 _b0 _c0 _d669_000000000000000_SHR |
||
| 650 | 0 |
_aMCE _9379 |
|
| 650 | 0 |
_aMetallurgy. _925466 |
|
| 942 |
_2ddc _cBK |
||
| 999 |
_c548516 _d548516 |
||